Wikipedia's level 1 vital articles - Statistics

General Stats
  • This quiz has been taken 189 times
  • The average score is 6 of 10
Answer Stats
Article % Correct
Science
76%
Earth
74%
Human
74%
Mathematics
61%
Human history
60%
Life
55%
Philosophy
49%
The arts
49%
Technology
30%
Society
24%
No matching quizzes found
Score Distribution
Percent of People with Each Score
Percentile by Number Answered
Your Score History
You have not taken this quiz